Großes Fremdwörterbuch

Hlavní autor: Küfner, Ruth
Jazyk: Němčina
Vydáno: Leipzig : Bibliographisches Institut, 1977
Vydání: 1. vyd.
Fyzický popis: 824 s.
Knihy
Uloženo v:
LEADER 00558nam a22002052a 4500
001 000105769
003 CZ BrMZK
005 20210526171254.0
007 ta
008 040716s1977 gw f |||| 0 ger d
040 |a BOA001  |b cze 
100 1 |a Küfner, Ruth 
245 1 0 |a Großes Fremdwörterbuch 
250 |a 1. vyd. 
260 |a Leipzig :  |b Bibliographisches Institut,  |c 1977 
300 |a 824 s. 
910 |a BOA001  |b 2-0786.472 
990 |a BK 
991 |b 202105 
996 6 |b 2619998569  |c 2-0786.472  |l MZK  |r Sklad / do 1 hodiny  |n 2  |w 000105769  |u 000010  |a 1  |e BOA001  |j MZK50  |s P